Skip to main content
Your cart is empty.
Your lists
Log in to create your own lists
Your cookies
العربية
English
العربية
Home
Search
Advanced search
Authority search
About
The noble scholar, jurist, historian
His Excellency Dr. Abdul Wahhab bin Ibrahim Abu Sulaiman, may Allah have mercy on him.
He was born in Umm Al-Qura in the year 1356 AH.
Library catalog
Title
Author
Subject
ISBN
ISSN
Series
Call number
Log in to your account
×
Login:
Password:
Home
MARC view: سياسة الملك عبد العزيز تجاه فلسطين في حرب 1367 هـ / 1948 م /
Normal view
MARC view
ISBD view
سياسة الملك عبد العزيز تجاه فلسطين في حرب 1367 هـ / 1948 م / (Record no. 13885)
[
view plain
]
MARC details
000 -LEADER
fixed length control field
01912cam a22003491i 4500
003 - CONTROL NUMBER IDENTIFIER
control field
SA-RiAUC
005 - DATE AND TIME OF LATEST TRANSACTION
control field
20260104135052.0
008 - FIXED-LENGTH DATA ELEMENTS--GENERAL INFORMATION
fixed length control field
251230s2006 su a g b f000 0dara c
020 ## - INTERNATIONAL STANDARD BOOK NUMBER
International Standard Book Number
9960880796
040 ## - CATALOGING SOURCE
Original cataloging agency
SA-JeALM
Language of cataloging
ara
Transcribing agency
SA-RiAUC
Description conventions
rda
043 ## - GEOGRAPHIC AREA CODE
Geographic area code
awgz---
--
a-su---
050 #4 - LIBRARY OF CONGRESS CALL NUMBER
Item number
.H36 2006
082 04 - DEWEY DECIMAL CLASSIFICATION NUMBER
Classification number
327.5310569
Assigning agency
SA-RiAUC
090 ## - LOCALLY ASSIGNED LC-TYPE CALL NUMBER (OCLC); LOCAL CALL NUMBER (RLIN)
Classification number (OCLC) (R) ; Classification number, CALL (RLIN) (NR)
327.5310569
Local cutter number (OCLC) ; Book number/undivided call number, CALL (RLIN)
ح م ي
100 1# - MAIN ENTRY--PERSONAL NAME
Personal name
الحميد، عبد اللطيف بن محمد عبد الرحمن
Relator term
مؤلف.
245 10 - TITLE STATEMENT
Title
سياسة الملك عبد العزيز تجاه فلسطين في حرب 1367 هـ / 1948 م /
Statement of responsibility, etc.
عبد اللطيف بن محمد الحميد.
264 #1 - PRODUCTION, PUBLICATION, DISTRIBUTION, MANUFACTURE, AND COPYRIGHT NOTICE
Place of production, publication, distribution, manufacture
الرياض :
Name of producer, publisher, distributor, manufacturer
دارة الملك عبد العزيز،
Date of production, publication, distribution, manufacture, or copyright notice
2006
300 ## - PHYSICAL DESCRIPTION
Extent
95 صفحة :
Other physical details
إيضاحيات ؛
Dimensions
22 سم.
336 ## - CONTENT TYPE
Content type term
نص
Content type code
txt
Source
rdacontent
Materials specified
كتاب
337 ## - MEDIA TYPE
Media type term
بدون وسيط
Media type code
n
Source
rdamedia
490 1# - SERIES STATEMENT
Series statement
إصدارات دارة الملك عبد العزيز ؛
--
كتاب الدارة ؛
Volume/sequential designation
173.
--
7
504 ## - BIBLIOGRAPHY, ETC. NOTE
Bibliography, etc. note
ببليوجرافية : صفحة 77-82.
600 17 - SUBJECT ADDED ENTRY--PERSONAL NAME
Personal name
ابن سعود، عبد العزيز بن عبد الرحمن بن فيصل،
Titles and other words associated with a name
ملك السعودية،
Dates associated with a name
1293-1373 هجري
General subdivision
مساهمات في النزاع العربي الإسرائيلي
Source of heading or term
aucnm
650 #7 - SUBJECT ADDED ENTRY--TOPICAL TERM
Topical term or geographic name entry element
النزاع العربي الإسرائيلي
Source of heading or term
aucsh
651 #7 - SUBJECT ADDED ENTRY--GEOGRAPHIC NAME
Geographic name
السعودية
General subdivision
علاقات خارجية
Geographic subdivision
فلسطين
Chronological subdivision
عبد العزيز بن عبد الرحمن، 1319-1373 هجري.
Source of heading or term
aucsh
651 #7 - SUBJECT ADDED ENTRY--GEOGRAPHIC NAME
Geographic name
السعودية
General subdivision
تاريخ
Chronological subdivision
عبد العزيز بن عبد الرحمن، 1319-1373 هجري.
Source of heading or term
aucsh
651 #7 - SUBJECT ADDED ENTRY--GEOGRAPHIC NAME
Geographic name
فلسطين
General subdivision
تاريخ
Chronological subdivision
الاحتلال الإسرائيلي، 1948-
Source of heading or term
aucsh
830 #0 - SERIES ADDED ENTRY--UNIFORM TITLE
Uniform title
إصدارات دارة الملك عبد العزيز
Volume/sequential designation
173
830 #0 - SERIES ADDED ENTRY--UNIFORM TITLE
Uniform title
إصدارات الدارة.
Name of part/section of a work
كتاب الدارة
Volume/sequential designation
7
942 ## - ADDED ENTRY ELEMENTS (KOHA)
Source of classification or shelving scheme
Dewey Decimal Classification
Koha item type
Books
Suppress in OPAC
No
949 ## - LOCAL PROCESSING INFORMATION (OCLC)
a
SA-JeALM
d
251230
u
osman123
n
1
Holdings
Withdrawn status
Lost status
Source of classification or shelving scheme
Damaged status
Not for loan
Home library
Current library
Date acquired
Total checkouts
Full call number
Barcode
Date last seen
Price effective from
Koha item type
Dewey Decimal Classification
DR AbdElwahab Library
DR AbdElwahab Library
01/04/2026
327.5310569 ح م ى
000022229
01/04/2026
01/04/2026
Books
Place hold
Print
Add to your cart
(remove)
Save record
BIBTEX
Dublin Core
MARCXML
MARC (non-Unicode/MARC-8)
MARC (Unicode/UTF-8)
MARC (Unicode/UTF-8, Standard)
MODS (XML)
RIS
ISBD
More searches
Search for this title in:
Other Libraries (WorldCat)
Other Databases (Google Scholar)
Online Stores (Bookfinder.com)
Open Library (openlibrary.org)
Exporting to Dublin Core...
×
Simple DC-RDF
OAI-DC
SRW-DC